000 00341nam a22001217a 4500
999 _c4372
_d4372
008 250212b ||||| |||| 00| 0 eng d
020 _a9780008267797
082 _a567.9
100 _aHOENA,BLAKE
_eAUTHOR
245 _aEVERYTHING DINOSAURS
260 _aWESTERHILL ROAD.BISHOP BRIGGS.GLASGOW G64 2QT
_bHARPER COLLINS PUBLISHERS
942 _2ddc